Những ngày tù ngục

Bewaard in:
Bibliografische gegevens
Formaat: Boek
Taal:Vietnamese
Gepubliceerd in: Đà Nẵng Nxb Đà Nẵng 2002
Reeks:Hội người tù yêu nước thành phố Đà Nẵng
Onderwerpen:
Tags: Voeg label toe
Geen labels, Wees de eerste die dit record labelt!
Thư viện lưu trữ: Mạng thư viện Đại học Đà Nẵng
LEADER 00999nam a2200313 4500
001 000005565
003 1710
005 20110818070839.0
008 110817s2002 viesd
020 |c 45000đ 
041 0 |a vie 
082 |a 895.9228  |b NGA 
245 0 |a Những ngày tù ngục 
260 |a Đà Nẵng  |b Nxb Đà Nẵng  |c 2002 
300 |a 390 tr  |c 19 cm 
490 |a Hội người tù yêu nước thành phố Đà Nẵng 
653 |a Văn học Việt Nam 
653 |a Tạp văn 
910 |a Ngô Văn Đường 
OWN |a LSP 
AVA |a UDN50  |b LSP  |d 895.9228 NGA  |e available  |t Error 5001 Not defined in file expand_doc_bib_avail.  |f 5  |g 0  |h N  |i 0  |k 1 
999 |a From the UDN01 
AVA |a UDN50  |b LSP  |d 895.9228 NGA  |e available  |t Error 5001 Not defined in file expand_doc_bib_avail.  |f 5  |g 0  |h N  |i 0  |k 1 
TYP |a Monograph 
TYP |a Printed language 
980 |a Mạng thư viện Đại học Đà Nẵng